000 01483cam a2200397 a 4500
003 CHAP
005 20220817043949.0
008 041014d2003 mx ab r 10100 spa d
010 _a88927
011 _a89899
020 _a9688849693
035 _a100451
040 _cCHAP
082 0 4 _a630.63
_bC5 2003
111 0 0 _aCongreso Nacional Agronómico (
_n6 :
_d2003 :
_cChapingo, Méx.)
_926885
245 1 0 _aPor una revaloración del campo mexicano :
_bmemoria de artículos ampliados
_c/por J. Pérez Nieto, C. Ayala Sánchez y J. Landa Herbert
260 _aChapingo, Méx. :
_bUACH. Departamento de Fitotecnia,
_c2003.
300 _a274 p. :
_bilus. ; gráfs.
590 _aBATCH-UPD
_b10
_c20130110
_lUCH01
_h0630
590 _aBATCH-UPD
_b10
_c20130410
_lUCH01
_h0313
590 _aBATCH-UPD
_b10
_c20130913
_lUCH01
_h2202
590 _aCONVERSION
_b10
_c20130109
_lUCH01
_h1349
650 1 4 _aAgricultura
_xCongresos
_zMexico.
_91377
650 1 4 _aAgroforestería
_zMéxico.
_92179
650 1 4 _aBiotecnología.
_912878
650 1 4 _aCultivos
_xProtección.
_930311
650 1 4 _aDesarrollo económico.
650 1 4 _aEcología agrícola
_xCongresos.
_935167
650 1 4 _aHorticultura
_xMéxico.
_956357
650 1 4 _aSuelos
_xCongresos
_xMéxico.
_9110282
901 _aBK
905 _aAlejandra Carrasco M.
942 _cLIBRO
949 _a630.63 C5 2003
_bBC
_cCONG
_d1004511
_eCONG
_h104727
_i100451
_sb
949 _a630.63 C5 2003
_bBC
_cUACH
_d1004512
_eUACH
_fc.2
_h104728
_i100451
_sb
999 _c88927
_d88927